[Event "Avicenna op 15th"]
[Site "Hamedan"]
[Date "2018.08.18"]
[Round "2"]
[White "Khodashenas, Mersad"]
[Black "Faghirnavaz, Ali"]
[Result "1-0"]
[WhiteElo "2440"]
[BlackElo "2269"]
[PlyCount "55"]
[EventDate "2018.08.17"]
[EventType "swiss"]
[EventRounds "9"]
[EventCountry "IRI"]
[SourceTitle "CBM 186 Extra"]
[Source "ChessBase"]
[SourceDate "2018.08.24"]
[SourceVersion "1"]
[SourceVersionDate "2018.08.24"]
[SourceQuality "1"]

1. e4 c5 2. Nf3 e6 3. d4 cxd4 4. Nxd4 a6 5. Nc3 Qc7 6. f4 b5 7. Bd3 Bb7 8. Qe2 d6 9. Bd2 Nd7 10. a4 bxa4 11. Rxa4 Nc5 12. Rc4 Nf6 13. 0-0 Qd7 14. f5 Be7 15. g4 e5 16. g5 exd4 17. Rxd4 0-0 18. b4 Nxd3 19. Rxd3 Qc7 20. Rh3 Rfe8 21. Rf4 Nxe4 22. Rxe4 Bxe4 23. Nxe4 Qxc2 24. Qh5 h6 25. gxh6 Qb1+ 26. Kf2 Bh4+ 27. Rxh4 Rxe4 28. Qg5 1-0

[Event "Asia Cities-ch 20th"]
[Site "Bhubaneswar"]
[Date "2017.09.01"]
[Round "9.1"]
[White "Ali, Abdulaziz"]
[Black "Faghirnavaz, Ali"]
[Result "0-1"]
[WhiteElo "1881"]
[BlackElo "2255"]
[PlyCount "76"]
[EventDate "2017.08.26"]
[EventType "team-swiss"]
[EventRounds "9"]
[EventCountry "IND"]
[SourceTitle "CBM 180 Extra"]
[Source "ChessBase"]
[SourceDate "2017.10.06"]
[SourceVersion "1"]
[SourceVersionDate "2017.10.06"]
[SourceQuality "1"]
[WhiteTeam "Dubai"]
[BlackTeam "Rasht"]
[WhiteTeamCountry "UAE"]
[BlackTeamCountry "IRI"]

1. e4 c6 2. d4 d5 3. e5 Bf5 4. Nf3 e6 5. Bd3 Bg6 6. h4 Bh5 7. c3 Nd7 8. Be3 Qb6 9. Qb3 Bxf3 10. gxf3 h5 11. c4 dxc4 12. Bxc4 Qxb3 13. Bxb3 Ne7 14. Nc3 Nb6 15. Ne4 Nf5 16. Ng3 Ne7 17. Rc1 Ned5 18. f4 g6 19. Ne4 Be7 20. Ke2 a5 21. a3 a4 22. Ba2 Kd7 23. Rc2 Rhd8 24. Nc5+ Bxc5 25. dxc5 Nc8 26. Bxd5 exd5 27. Kd3 Ne7 28. f3 Ra5 29. Re1 Nf5 30. Bf2 Ke6 31. Rb1 Rda8 32. Rc3 Rb5 33. Kd2 d4 34. Rc4 Kd5 35. Rb4 Rxb4 36. axb4 Kc4 37. b5 cxb5 38. Rc1+ Kd5 0-1

[Event "Asia Cities-ch 20th"]
[Site "Bhubaneswar"]
[Date "2017.08.27"]
[Round "2.1"]
[White "Faghirnavaz, Ali"]
[Black "Wong, Yinn Long"]
[Result "1-0"]
[WhiteElo "2255"]
[BlackElo "2169"]
[PlyCount "123"]
[EventDate "2017.08.26"]
[EventType "team-swiss"]
[EventRounds "9"]
[EventCountry "IND"]
[SourceTitle "CBM 180 Extra"]
[Source "ChessBase"]
[SourceDate "2017.10.06"]
[SourceVersion "1"]
[SourceVersionDate "2017.10.06"]
[SourceQuality "1"]
[WhiteTeam "Rasht"]
[BlackTeam "Penang"]
[WhiteTeamCountry "IRI"]
[BlackTeamCountry "MAS"]

1. d4 Nf6 2. c4 e6 3. g3 Bb4+ 4. Bd2 Qe7 5. Bg2 Nc6 6. Nf3 Bxd2+ 7. Qxd2 Ne4 8. Qc2 Qb4+ 9. Kf1 d5 10. e3 0-0 11. Nfd2 f5 12. Bf3 Bd7 13. Kg2 Rac8 14. Be2 b6 15. cxd5 exd5 16. Nc3 Ne7 17. Qb3 Qxb3 18. Nxb3 Nxc3 19. bxc3 Be6 20. Ba6 Rcd8 21. Rhc1 g5 22. f3 g4 23. Rf1 gxf3+ 24. Rxf3 Nc8 25. Bd3 Nd6 26. Nc1 Bd7 27. Ne2 Rde8 28. Nf4 c6 29. Kf1 Kf7 30. Ke2 Ke7 31. Kd2 Ne4+ 32. Bxe4 fxe4 33. Rf2 Kd6 34. Raf1 Bg4 35. Ng2 Ke7 36. Rxf8 Rxf8 37. Rf4 Be6 38. Rxf8 Kxf8 39. Nf4 Bf7 40. g4 Kg7 41. h4 Kf6 42. Ke2 h6 43. Kf2 Be8 44. Kg3 Bf7 45. Ne2 h5 46. Kf4 Kg6 47. g5 Be8 48. Ke5 Kf7 49. Kd6 Kg6 50. Ke6 Bf7+ 51. Ke5 Kg7 52. Nf4 Be8 53. Kd6 a5 54. Kc7 b5 55. Kb6 a4 56. a3 Kh7 57. Kc7 Kg7 58. Kd6 Kf8 59. Ke6 Kg7 60. Ke7 Bf7 61. Kd7 b4 62. cxb4 1-0

[Event "Asia Cities-ch 20th"]
[Site "Bhubaneswar"]
[Date "2017.08.26"]
[Round "1.1"]
[White "Baivab, Mishra"]
[Black "Faghirnavaz, Ali"]
[Result "1/2-1/2"]
[WhiteElo "2074"]
[BlackElo "2255"]
[PlyCount "88"]
[EventDate "2017.08.26"]
[EventType "team-swiss"]
[EventRounds "9"]
[EventCountry "IND"]
[SourceTitle "CBM 180 Extra"]
[Source "ChessBase"]
[SourceDate "2017.10.06"]
[SourceVersion "1"]
[SourceVersionDate "2017.10.06"]
[SourceQuality "1"]
[WhiteTeam "Puri"]
[BlackTeam "Rasht"]
[WhiteTeamCountry "IND"]
[BlackTeamCountry "IRI"]

1. Nf3 Nf6 2. c4 e6 3. g3 d5 4. Bg2 Be7 5. 0-0 0-0 6. d4 dxc4 7. Qc2 a6 8. a4 Bd7 9. Rd1 Bc6 10. Nc3 Bxf3 11. Bxf3 Nc6 12. Bxc6 bxc6 13. a5 Rb8 14. Bg5 Ne8 15. Bxe7 Qxe7 16. Ne4 Nd6 17. Rdc1 Rb4 18. Nc5 Ra8 19. Ra4 Rb5 20. Ne4 Rab8 21. Nxd6 cxd6 22. Rxc4 Rxa5 23. Rxc6 g6 24. Qd2 Rab5 25. R1c2 a5 26. h4 Kg7 27. Rc7 Qf6 28. e3 g5 29. hxg5 Rxg5 30. Ra7 Qf3 31. Qe2 Qxe2 32. Rxe2 Rgb5 33. Rc2 Rxb2 34. Rcc7 Rf8 35. Rxa5 d5 36. Raa7 Kg6 37. Kg2 h5 38. Re7 Rc2 39. Kf3 Rb2 40. Rec7 Rd2 41. Rab7 Ra2 42. Rb1 Rd2 43. Rbb7 Ra2 44. Kg2 Rd2 1/2-1/2

[Event "IRI Cities-chT"]
[Site "Esfahan"]
[Date "2016.05.14"]
[Round "6.4"]
[White "Faghirnavaz, Ali"]
[Black "Nadimifar, Adnan"]
[Result "0-1"]
[WhiteElo "2311"]
[BlackElo "2141"]
[PlyCount "58"]
[EventDate "2016.05.11"]
[EventType "team-swiss"]
[EventRounds "7"]
[EventCountry "IRI"]
[SourceTitle "CBM 172 Extra"]
[Source "ChessBase"]
[SourceDate "2016.06.21"]
[SourceVersion "1"]
[SourceVersionDate "2016.06.21"]
[SourceQuality "1"]
[WhiteTeam "Rasht"]
[BlackTeam "Shiraz Darya Borj"]
[WhiteTeamCountry "IRI"]
[BlackTeamCountry "IRI"]

1. d4 Nf6 2. c4 g6 3. Nc3 d5 4. Nf3 Bg7 5. Bg5 Ne4 6. cxd5 Nxg5 7. Nxg5 e6 8. Qa4+ Bd7 9. Qb3 Qxg5 10. Qxb7 0-0 11. e3 Na6 12. Qxa6 Rab8 13. h4 Qe7 14. Bd3 Rxb2 15. 0-0 Qxh4 16. Qxa7 e5 17. g3 Qh3 18. Be4 exd4 19. exd4 Rd2 20. Bg2 Qg4 21. Ne4 Rxd4 22. Rae1 Bb5 23. Qxc7 Bxf1 24. Kxf1 Rd1 25. Qc4 Rxe1+ 26. Kxe1 Re8 27. Kd2 Bh6+ 28. f4 Bxf4+ 29. Kc2 Qf5 0-1

[Event "IRI Cities-chT"]
[Site "Esfahan"]
[Date "2016.05.13"]
[Round "4.3"]
[White "Faghirnavaz, Ali"]
[Black "Maleki, Mojtaba"]
[Result "1/2-1/2"]
[WhiteElo "2311"]
[BlackElo "2126"]
[PlyCount "51"]
[EventDate "2016.05.11"]
[EventType "team-swiss"]
[EventRounds "7"]
[EventCountry "IRI"]
[SourceTitle "CBM 172 Extra"]
[Source "ChessBase"]
[SourceDate "2016.06.21"]
[SourceVersion "1"]
[SourceVersionDate "2016.06.21"]
[SourceQuality "1"]
[WhiteTeam "Rasht"]
[BlackTeam "Karaj Chesssboard"]
[WhiteTeamCountry "IRI"]
[BlackTeamCountry "IRI"]

1. d4 Nf6 2. c4 g6 3. Nc3 d5 4. Nf3 Bg7 5. Bg5 Ne4 6. cxd5 Nxg5 7. Nxg5 e6 8. Nf3 exd5 9. e3 0-0 10. Bd3 c6 11. 0-0 Re8 12. Qc2 Bg4 13. Nd2 Bf8 14. Rfe1 Nd7 15. Rab1 Rc8 16. b4 Bd6 17. Qb2 Qc7 18. Nf1 Nb6 19. e4 dxe4 20. Nxe4 Be7 21. b5 Be6 22. bxc6 bxc6 23. Rbc1 Rcd8 24. Nfd2 Qd7 25. Nf3 Qd5 26. Qc2 1/2-1/2

[Event "IRI Cities-chT"]
[Site "Esfahan"]
[Date "2016.05.12"]
[Round "2.4"]
[White "Jalali, Hadi"]
[Black "Faghirnavaz, Ali"]
[Result "0-1"]
[WhiteElo "1827"]
[BlackElo "2311"]
[PlyCount "66"]
[EventDate "2016.05.11"]
[EventType "team-swiss"]
[EventRounds "7"]
[EventCountry "IRI"]
[SourceTitle "CBM 172 Extra"]
[Source "ChessBase"]
[SourceDate "2016.06.21"]
[SourceVersion "1"]
[SourceVersionDate "2016.06.21"]
[SourceQuality "1"]
[WhiteTeam "Tabriz Shahdari"]
[BlackTeam "Rasht"]
[WhiteTeamCountry "IRI"]
[BlackTeamCountry "IRI"]

1. c4 Nf6 2. Nf3 g6 3. g3 Bg7 4. Bg2 0-0 5. 0-0 d6 6. Nc3 Nc6 7. d4 a6 8. e4 Bg4 9. h3 Bxf3 10. Bxf3 Nd7 11. Be3 e5 12. d5 Nd4 13. Bg2 c5 14. Rb1 f5 15. f4 b5 16. cxb5 axb5 17. Bxd4 cxd4 18. Nxb5 Qb6 19. a4 fxe4 20. Bxe4 Nc5 21. Bd3 e4 22. Bc4 Nxa4 23. Kh1 Qc5 24. b3 Nb6 25. Rc1 Nxc4 26. bxc4 Ra2 27. Qg4 Rf5 28. Ra1 Rxa1 29. Rxa1 d3 30. Ra8+ Bf8 31. Rd8 e3 32. Re8 Qxc4 33. Nxd6 Qxd5+ 0-1

[Event "Rasht Khazar op 14th"]
[Site "Rasht"]
[Date "2016.02.12"]
[Round "2"]
[White "Faghirnavaz, Ali"]
[Black "Tiviakov, Sergei"]
[Result "1/2-1/2"]
[WhiteElo "2319"]
[BlackElo "2613"]
[PlyCount "69"]
[EventDate "2016.02.11"]
[EventType "swiss"]
[EventRounds "9"]
[EventCountry "IRI"]
[SourceTitle "CBM 170 Extra"]
[Source "ChessBase"]
[SourceDate "2016.02.25"]
[SourceVersion "1"]
[SourceVersionDate "2016.02.25"]
[SourceQuality "1"]

1. d4 Nf6 2. Nf3 e6 3. e3 b6 4. Bd3 Bb7 5. Nbd2 c5 6. 0-0 cxd4 7. exd4 Be7 8. Re1 0-0 9. b3 Nc6 10. a3 Re8 11. Bb2 Rc8 12. Qe2 Bf8 13. Rac1 Ne7 14. c4 Ng6 15. g3 d5 16. h4 Bd6 17. Ng5 Nf8 18. Ngf3 Qe7 19. Ne5 Ba8 20. cxd5 Bxd5 21. b4 Rxc1 22. Rxc1 Qb7 23. b5 Rc8 24. Rxc8 Qxc8 25. Ndc4 Bb8 26. Qc2 Ng6 27. Nxf7 Qb7 28. Nfe5 Nf8 29. Ne3 Bh1 30. Nc6 Bf3 31. a4 Bd6 32. Be2 Be4 33. Bd3 Bf3 34. Be2 Be4 35. Bd3 1/2-1/2

[Event "Avicenna op 12th"]
[Site "Hamedan"]
[Date "2015.09.05"]
[Round "5"]
[White "Khoshkalamian, B."]
[Black "Faghirnavaz, Ali"]
[Result "1/2-1/2"]
[WhiteElo "2020"]
[BlackElo "2298"]
[PlyCount "69"]
[EventDate "2015.09.02"]
[EventType "swiss"]
[EventRounds "11"]
[EventCountry "IRI"]
[SourceTitle "EXT 2016"]
[Source "ChessBase"]
[SourceDate "2015.10.08"]
[SourceVersion "1"]
[SourceVersionDate "2015.10.08"]
[SourceQuality "1"]

1. e4 c5 2. Nf3 a6 3. d4 cxd4 4. Nxd4 e6 5. Bd3 Nc6 6. Be3 Nf6 7. 0-0 e5 8. Nb3 d5 9. exd5 Nxd5 10. Bc4 Nxe3 11. Qxd8+ Nxd8 12. fxe3 Be6 13. Bxe6 Nxe6 14. Nc3 Rc8 15. Rac1 Bc5 16. Nxc5 Nxc5 17. b4 Ne6 18. Ne4 Ke7 19. c4 f6 20. c5 Rhd8 21. Nd6 Rc7 22. Rfd1 g6 23. Nc4 Rcd7 24. Rxd7+ Rxd7 25. Kf2 Nd8 26. Ke2 Nc6 27. a3 Ke6 28. Nb6 Rd8 29. Rc4 f5 30. a4 Na7 31. Rc2 g5 32. Nc4 Rd7 33. Nb6 Rd8 34. Nc4 Rd7 35. Nb6 1/2-1/2

[Event "Abrisham op"]
[Site "Sowmeeh Sara"]
[Date "2015.05.12"]
[Round "8"]
[White "Faghirnavaz, Ali"]
[Black "Hayrapetyan, Hovik"]
[Result "1-0"]
[WhiteElo "2308"]
[BlackElo "2454"]
[PlyCount "87"]
[EventDate "2015.05.08"]
[EventType "swiss"]
[EventRounds "9"]
[EventCountry "IRI"]
[SourceTitle "CBM 166 Extra"]
[Source "ChessBase"]
[SourceDate "2015.06.18"]
[SourceVersion "1"]
[SourceVersionDate "2015.06.18"]
[SourceQuality "1"]

1. d4 Nf6 2. c4 g6 3. Nc3 c5 4. d5 Bg7 5. g3 0-0 6. Bg2 d6 7. Nf3 e5 8. dxe6 fxe6 9. 0-0 Nc6 10. Bg5 Qe7 11. Qd2 Rd8 12. Qf4 e5 13. Qh4 Be6 14. e3 Rf8 15. Rad1 Qd7 16. h3 Rad8 17. b3 Ne7 18. g4 Qc7 19. Ne4 Nxe4 20. Bxe7 Rde8 21. Bxf8 Rxf8 22. g5 Nc3 23. Rd2 b5 24. Nh2 e4 25. Bxe4 bxc4 26. bxc4 Qe7 27. Bg2 h6 28. Qg3 hxg5 29. Qxd6 Qxd6 30. Rxd6 Bxc4 31. Rc6 Rf5 32. a3 Kh7 33. Ng4 Bb5 34. Rc7 a6 35. Re1 c4 36. e4 Rf8 37. e5 Kh8 38. Bc6 Bxc6 39. Rxc6 Nd5 40. Rxc4 Nf4 41. Re3 Kg8 42. Rc6 a5 43. Ra6 Nd5 44. Rb3 1-0

[Event "Abrisham op"]
[Site "Sowmeeh Sara"]
[Date "2015.05.11"]
[Round "6"]
[White "Faghirnavaz, Ali"]
[Black "Golizadeh, Asghar"]
[Result "1-0"]
[WhiteElo "2308"]
[BlackElo "2470"]
[PlyCount "125"]
[EventDate "2015.05.08"]
[EventType "swiss"]
[EventRounds "9"]
[EventCountry "IRI"]
[SourceTitle "CBM 166 Extra"]
[Source "ChessBase"]
[SourceDate "2015.06.18"]
[SourceVersion "1"]
[SourceVersionDate "2015.06.18"]
[SourceQuality "1"]

1. d4 Nf6 2. c4 e6 3. g3 c5 4. d5 exd5 5. cxd5 d6 6. Nc3 g6 7. Bg2 Bg7 8. Nf3 0-0 9. 0-0 a6 10. a4 Nbd7 11. Nd2 Re8 12. h3 Rb8 13. Nc4 Nb6 14. Na3 Bd7 15. e4 Nc8 16. Qd3 Qc7 17. Rb1 b5 18. axb5 c4 19. b6 Nxb6 20. Qd1 Bc8 21. Be3 Nfd7 22. Nc2 Nc5 23. Nd4 Nbd7 24. Nc6 Rb3 25. Qc2 Ne5 26. Ne2 Nxc6 27. dxc6 Rb4 28. Nf4 Qxc6 29. Nd5 Rb8 30. Qxc4 Qb5 31. Qxb5 axb5 32. Bf4 Be5 33. Bxe5 Rxe5 34. b4 Nd7 35. Rfd1 Kg7 36. f4 Re8 37. Nc7 Re7 38. Rxd6 Bb7 39. Nd5 Bxd5 40. Rxd5 Nf6 41. Rd4 Rc8 42. e5 Nd7 43. Rd5 Rc3 44. Kh2 Nf8 45. Rxb5 Rc2 46. Rc5 Rd2 47. Rbc1 Ra7 48. R1c2 Ra2 49. Rxa2 Rxa2 50. h4 Rb2 51. Rc4 h6 52. Kh3 g5 53. hxg5 hxg5 54. Be4 gxf4 55. gxf4 Ne6 56. Bf5 Nf8 57. Kg4 Rb3 58. Rc7 Kg8 59. Rb7 Rb2 60. b5 Rg2+ 61. Kh4 Kg7 62. e6 Re2 63. Rxf7+ 1-0

[Event "Rasht Khazar op 13th"]
[Site "Rasht"]
[Date "2015.02.12"]
[Round "2"]
[White "Mirzoev, Azer"]
[Black "Faghirnavaz, Ali"]
[Result "1-0"]
[WhiteElo "2556"]
[BlackElo "2282"]
[PlyCount "115"]
[EventDate "2015.02.11"]
[EventType "swiss"]
[EventRounds "9"]
[EventCountry "IRI"]
[SourceTitle "CBM 164 Extra"]
[Source "ChessBase"]
[SourceDate "2015.03.02"]
[SourceVersion "1"]
[SourceVersionDate "2015.03.02"]
[SourceQuality "1"]

1. d4 Nf6 2. Nf3 c5 3. d5 e6 4. Nc3 Nxd5 5. Nxd5 exd5 6. Qxd5 Nc6 7. e4 d6 8. Ng5 Qc7 9. Bc4 Ne5 10. Bb5+ Bd7 11. Bxd7+ Qxd7 12. Bf4 Ng4 13. 0-0 h6 14. Nf3 0-0-0 15. Rfe1 Nf6 16. Qb3 Qe6 17. Qa4 a6 18. Bg3 Qe8 19. Qc4 Qe6 20. Qxe6+ fxe6 21. e5 Nh5 22. exd6 Nxg3 23. hxg3 Rxd6 24. Ne5 Rg8 25. Nc4 Rc6 26. a4 Be7 27. c3 Bf6 28. a5 Kc7 29. g4 Rf8 30. g3 Rd8 31. Kg2 Rd5 32. Re4 Rd8 33. Rae1 Re8 34. R1e3 Kd8 35. Kf1 Ke7 36. Ke2 Rd8 37. f4 Re8 38. Rf3 Kd8 39. g5 Be7 40. gxh6 gxh6 41. Rd3+ Kc7 42. Rd1 Bf6 43. Rh1 Bg7 44. Rh4 Re7 45. Rg4 Kd8 46. Kf3 Ke8 47. Re1 Rcc7 48. Rh4 Rcd7 49. Rh5 Rc7 50. Nd6+ Kf8 51. Ne4 c4 52. Rd1 Kf7 53. Rd8 Red7 54. Rxd7+ Rxd7 55. Rc5 Rd5 56. Rxc4 Rxa5 57. Rc7+ Kf8 58. Rxb7 1-0

[Event "Gilan Friendship Cup"]
[Site "Gilan"]
[Date "2014.12.04"]
[Round "6"]
[White "Babaniya, Benyamin"]
[Black "Faghirnavaz, Ali"]
[Result "0-1"]
[WhiteElo "1875"]
[BlackElo "2294"]
[PlyCount "74"]
[EventDate "2014.11.30"]
[EventType "swiss"]
[EventRounds "9"]
[EventCountry "IRI"]
[SourceTitle "CBM 163 Extra"]
[Source "ChessBase"]
[SourceDate "2014.12.23"]
[SourceVersion "1"]
[SourceVersionDate "2014.12.23"]
[SourceQuality "1"]

1. e4 c5 2. Nc3 a6 3. g3 b5 4. d3 Bb7 5. Bg2 e6 6. Nf3 Nc6 7. 0-0 Nge7 8. Be3 d6 9. e5 Nf5 10. Bg5 Qc7 11. exd6 Bxd6 12. Ne4 0-0 13. h4 Kh8 14. h5 Be7 15. Bd2 h6 16. g4 Nfd4 17. Nxd4 cxd4 18. g5 hxg5 19. Qe2 Nb4 20. Bxb4 Bxb4 21. Nxg5 Bxg2 22. Kxg2 Qf4 23. Nh3 Qf5 24. a3 Bd6 25. Qf3 Qxf3+ 26. Kxf3 Rac8 27. Rfc1 Rc5 28. c4 dxc3 29. Rxc3 Rxh5 30. Kg4 g6 31. Nf4 Rh2 32. Kg3 Bxf4+ 33. Kxf4 Rxf2+ 34. Ke5 Rd8 35. Rc7 Kg7 36. Ke4 Re2+ 37. Kf3 Rxb2 0-1

[Event "Gilan Friendship Cup"]
[Site "Gilan"]
[Date "2014.12.04"]
[Round "7"]
[White "Faghirnavaz, Ali"]
[Black "Ezzati, Fereidoon"]
[Result "1/2-1/2"]
[WhiteElo "2294"]
[BlackElo "2219"]
[PlyCount "104"]
[EventDate "2014.11.30"]
[EventType "swiss"]
[EventRounds "9"]
[EventCountry "IRI"]
[SourceTitle "CBM 163 Extra"]
[Source "ChessBase"]
[SourceDate "2014.12.23"]
[SourceVersion "1"]
[SourceVersionDate "2014.12.23"]
[SourceQuality "1"]

1. d4 Nf6 2. Nf3 d6 3. c4 g6 4. Nc3 Bg7 5. e3 0-0 6. Be2 Nbd7 7. Qc2 e5 8. b3 Re8 9. Bb2 Nh5 10. 0-0-0 exd4 11. Nxd4 Nhf6 12. h4 Nc5 13. h5 a5 14. hxg6 fxg6 15. a3 Bd7 16. g4 c6 17. g5 Nfe4 18. Nxe4 Nxe4 19. Bd3 d5 20. Rh4 Qxg5 21. Rdh1 h5 22. Bxe4 Rxe4 23. Rxe4 dxe4 24. Qxe4 Re8 25. Qh4 Qxh4 26. Rxh4 Bf6 27. Rh1 Kf7 28. Bc3 b6 29. Kd2 h4 30. Nf3 g5 31. Rg1 Rd8 32. Bxf6 Kxf6 33. Ke2 a4 34. bxa4 Be6 35. Nxg5 Bxc4+ 36. Kf3 Rh8 37. Kg4 Be6+ 38. Kf4 Bd7 39. e4 Ra8 40. Rh1 h3 41. f3 c5 42. Nxh3 Rh8 43. Nf2 Rxh1 44. Nxh1 Bxa4 45. Ng3 b5 46. Ke3 b4 47. axb4 cxb4 48. Kd4 b3 49. Kc3 Ke5 50. Nf1 Bb5 51. Nd2 Be2 52. Kxb3 Bxf3 1/2-1/2

[Event "Gilan Friendship Cup"]
[Site "Gilan"]
[Date "2014.12.02"]
[Round "4"]
[White "Omidi, Arya"]
[Black "Faghirnavaz, Ali"]
[Result "1/2-1/2"]
[WhiteElo "2287"]
[BlackElo "2294"]
[PlyCount "46"]
[EventDate "2014.11.30"]
[EventType "swiss"]
[EventRounds "9"]
[EventCountry "IRI"]
[SourceTitle "CBM 163 Extra"]
[Source "ChessBase"]
[SourceDate "2014.12.23"]
[SourceVersion "1"]
[SourceVersionDate "2014.12.23"]
[SourceQuality "1"]

1. e4 c5 2. Nf3 e6 3. d4 cxd4 4. Nxd4 a6 5. Nc3 Qc7 6. Bd3 Nf6 7. 0-0 Nc6 8. Nb3 b5 9. Be3 Ne5 10. f4 Nc4 11. Bxc4 bxc4 12. Nd4 Bb7 13. e5 Ne4 14. Nxe4 Bxe4 15. Qg4 h5 16. Qe2 Be7 17. Rae1 g6 18. Bf2 Bd5 19. Nf3 a5 20. Bd4 Rb8 21. Qe3 a4 22. a3 Qc6 23. Rf2 Qb7 1/2-1/2

[Event "IRI-ch"]
[Site "Zahedan"]
[Date "2012.12.07"]
[Round "1"]
[White "Faghirnavaz, Ali"]
[Black "Bakhtiari Kish, Mazdak"]
[Result "1-0"]
[WhiteElo "2317"]
[BlackElo "2162"]
[PlyCount "131"]
[EventDate "2012.12.07"]
[EventType "swiss"]
[EventRounds "11"]
[EventCountry "IRI"]
[SourceTitle "EXT 2014"]
[Source "ChessBase"]
[SourceDate "2013.11.20"]
[SourceVersion "1"]
[SourceVersionDate "2013.11.20"]
[SourceQuality "1"]

1. d4 Nf6 2. Bg5 Ne4 3. Bf4 c5 4. f3 Qa5+ 5. c3 Nf6 6. d5 Qb6 7. Bc1 e6 8. c4 Qb4+ 9. Bd2 Qxb2 10. Nc3 Qb6 11. e4 d6 12. f4 e5 13. f5 Be7 14. Bd3 Nbd7 15. Nh3 h5 16. 0-0 Qd8 17. a4 Kf8 18. a5 Ne8 19. Qc1 Kg8 20. Ng5 Nf8 21. g3 Nf6 22. h3 N6h7 23. Nf3 g5 24. Kg2 Nd7 25. Be2 Kf8 26. Nh2 h4 27. gxh4 gxh4 28. Nf3 Ndf6 29. Nh2 Rg8+ 30. Kh1 Rg3 31. Be1 Rxh3 32. Qh6+ Ke8 33. Bf3 Bf8 34. Qd2 Rg3 35. Qe2 Bh6 36. Bf2 Bf4 37. Rg1 Ng5 38. Bxg3 hxg3 39. Ng4 Ke7 40. Nxf6 Kxf6 41. Kg2 Rb8 42. Rh1 Kg7 43. Bg4 Bd7 44. Qd3 Qf6 45. Ne2 Rh8 46. Rxh8 Kxh8 47. Rf1 Ba4 48. Nxf4 exf4 49. Rxf4 Qb2+ 50. Be2 f6 51. Rh4+ Kg7 52. Kxg3 Bc2 53. Qe3 Qe5+ 54. Qf4 Bxe4 55. Qxe5 fxe5 56. Kg4 Nf7 57. Rh3 Kf6 58. Rb3 Bxf5+ 59. Kg3 Bc8 60. Bg4 Bxg4 61. Kxg4 Nd8 62. Rf3+ Ke7 63. Kf5 Kd7 64. Rh3 b6 65. Rh7+ Kc8 66. a6 1-0

[Event "Esfahan Norouz Cup 2nd"]
[Site "Esfahan"]
[Date "2012.03.27"]
[Round "6"]
[White "Kalantari, B."]
[Black "Faghirnavaz, Ali"]
[Result "0-1"]
[WhiteElo "2087"]
[BlackElo "2319"]
[PlyCount "90"]
[EventDate "2012.03.24"]
[EventType "swiss"]
[EventRounds "9"]
[EventCountry "IRI"]
[SourceTitle "CBM 147 Extra"]
[Source "ChessBase"]
[SourceDate "2012.04.24"]
[SourceVersion "1"]
[SourceVersionDate "2012.04.24"]
[SourceQuality "1"]

1. e4 c6 2. d4 g6 3. c4 d5 4. exd5 cxd5 5. Nc3 Nf6 6. c5 Nc6 7. Bb5 Bg7 8. Nf3 0-0 9. 0-0 Bg4 10. Bxc6 bxc6 11. h3 Bxf3 12. Qxf3 Nd7 13. Be3 e5 14. Qd1 f5 15. f4 exf4 16. Bxf4 Qf6 17. Ne2 Rfe8 18. Qd2 Re4 19. Rae1 Rae8 20. Rf3 Qe6 21. Kf2 h6 22. Re3 g5 23. Rxe4 dxe4 24. Be5 Bxe5 25. dxe5 Nxc5 26. Kg1 Qxe5 27. Rc1 Rc8 28. Qb4 Nd3 29. Qb3+ Kh8 30. Rc2 c5 31. Qf7 Rg8 32. Rc3 f4 33. Rb3 Rg7 34. Qf8+ Kh7 35. Rb8 f3 36. gxf3 Nf4 37. Re8 Nxe2+ 38. Kf1 Ng3+ 39. Ke1 Qxb2 40. Qh8+ Kg6 41. Re6+ Kf5 42. Rxe4 Nxe4 43. fxe4+ Kxe4 44. Qxh6 Re7 45. Qxg5 Kf3+ 0-1

[Event "Rasht Khazar op 10th"]
[Site "Rasht"]
[Date "2012.03.03"]
[Round "5"]
[White "Faghirnavaz, Ali"]
[Black "Golizadeh, Asghar"]
[Result "1/2-1/2"]
[WhiteElo "2319"]
[BlackElo "2463"]
[PlyCount "110"]
[EventDate "2012.02.29"]
[EventType "swiss"]
[EventRounds "11"]
[EventCountry "IRI"]
[SourceTitle "CBM 147 Extra"]
[Source "ChessBase"]
[SourceDate "2012.04.24"]
[SourceVersion "1"]
[SourceVersionDate "2012.04.24"]
[SourceQuality "1"]

1. d4 e6 2. c4 Nf6 3. Nc3 Bb4 4. g3 c5 5. Nf3 cxd4 6. Nxd4 Ne4 7. Qd3 Qa5 8. Qxe4 Bxc3+ 9. Kd1 Qa4+ 10. Qc2 Qxc2+ 11. Nxc2 Bf6 12. Nb4 Nc6 13. Nxc6 bxc6 14. Kc2 Rb8 15. Rb1 d5 16. e3 0-0 17. f3 Rd8 18. Bd2 e5 19. Bd3 Be6 20. b3 Be7 21. Bc3 f6 22. Rhe1 Kf7 23. Re2 dxc4 24. Bxc4 Bxc4 25. bxc4 Rxb1 26. Kxb1 Rd1+ 27. Kc2 Rh1 28. Kd3 Ke6 29. Rb2 Bc5 30. Rf2 Rd1+ 31. Bd2 h5 32. Rg2 g5 33. g4 h4 34. Re2 Rg1 35. Ke4 h3 36. Be1 Rf1 37. Bg3 Rc1 38. Kd3 f5 39. gxf5+ Kxf5 40. e4+ Ke6 41. Re1 Ba3 42. Rxc1 Bxc1 43. Kc2 Be3 44. Kd3 Bc1 45. Kc2 Be3 46. Kd3 Bg1 47. Ke2 Kd6 48. Kd3 a6 49. Kc3 Be3 50. Kd3 Bg1 51. Kc3 Be3 52. Kd3 Bd4 53. Kc2 Kc5 54. Kb3 Kd6 55. Kc2 Be3 1/2-1/2

[Event "IRI-ch"]
[Site "Tabriz"]
[Date "2011.01.05"]
[Round "6"]
[White "Faghirnavaz, Ali"]
[Black "Doostkam, Pooyan"]
[Result "1/2-1/2"]
[WhiteElo "2293"]
[BlackElo "2194"]
[PlyCount "36"]
[EventDate "2011.01.01"]
[EventType "swiss"]
[EventRounds "11"]
[EventCountry "IRI"]
[SourceTitle "CBM 140 Extra"]
[Source "ChessBase"]
[SourceDate "2011.03.01"]
[SourceVersion "1"]
[SourceVersionDate "2011.03.01"]
[SourceQuality "1"]

1. d4 e6 2. c4 d5 3. Nf3 Nf6 4. Qc2 Nbd7 5. e3 Be7 6. Nc3 0-0 7. Be2 b6 8. cxd5 exd5 9. 0-0 Bb7 10. b3 c5 11. Bb2 Rc8 12. dxc5 bxc5 13. Rfd1 Qa5 14. Qf5 g6 15. Qh3 Rfd8 16. Rac1 Bf8 17. Qh4 Bg7 18. Na4 Re8 1/2-1/2

[Event "IRI-ch"]
[Site "Tabriz"]
[Date "2011.01.03"]
[Round "4"]
[White "Hosseinzadeh, Nima"]
[Black "Faghirnavaz, Ali"]
[Result "0-1"]
[WhiteElo "2187"]
[BlackElo "2293"]
[PlyCount "126"]
[EventDate "2011.01.01"]
[EventType "swiss"]
[EventRounds "11"]
[EventCountry "IRI"]
[SourceTitle "CBM 140 Extra"]
[Source "ChessBase"]
[SourceDate "2011.03.01"]
[SourceVersion "1"]
[SourceVersionDate "2011.03.01"]
[SourceQuality "1"]

1. e4 c5 2. Nf3 e6 3. d4 cxd4 4. Nxd4 a6 5. Nc3 b5 6. Bd3 Qb6 7. Nf3 Nc6 8. 0-0 Qb8 9. e5 Nge7 10. Bf4 b4 11. Ne4 Ng6 12. Nd6+ Bxd6 13. Bxg6 hxg6 14. exd6 a5 15. Re1 Ba6 16. Ng5 Qb5 17. Qf3 Bb7 18. Qe3 Rc8 19. Rac1 Nd8 20. Qg3 f6 21. Ne4 Qf5 22. f3 g5 23. Bd2 Nf7 24. c3 bxc3 25. Rxc3 Rxc3 26. Bxc3 0-0 27. Qf2 a4 28. Bb4 Ne5 29. Qe2 Rc8 30. Bc3 Ng6 31. Qe3 Nf4 32. h3 Bd5 33. a3 Bc6 34. Nf2 Nd5 35. Qd2 Bb7 36. Rc1 Nf4 37. Qe3 Ba6 38. Re1 Bb5 39. Kh2 Nd5 40. Qe4 Nxc3 41. Qxf5 exf5 42. Rc1 Re8 43. bxc3 Re2 44. c4 Bc6 45. Kg1 Rd2 46. c5 Kf7 47. Rc3 Bb5 48. g4 g6 49. gxf5 gxf5 50. Nh1 f4 51. Nf2 f5 52. h4 gxh4 53. Nh3 Rd4 54. Kf2 Kf6 55. Rc1 Rd2+ 56. Kg1 Bc6 57. Rc3 Ke5 58. Rc4 Bxf3 59. Nxf4 Be4 60. Nh3 Rg2+ 61. Kf1 Rg8 62. Nf2 h3 63. Rc3 h2 0-1